000 00526nam a2200217 a 4500
999 _c4157
_d4157
001 4157
003 BD-JhCC
005 20171123183211.0
008 171118s uk |||| |||| 000 0 eng d
035 _a(BD-JhCC)
040 _aBD-JhCC
_dBD-JhCC
041 _aeng
082 _a823.914
_bHAR
100 _aHardistry, H.
245 _aSpace Platform I /
_cH. Hardisty
260 _aLondon :
_bBlackie & Son Ltd,
300 _a49 p.;
_c14 cm
490 _aThe Crusader Series
650 _aChildren stories
942 _2ddc
_cBK